Terraria Spears Quiz - Statistics

General Stats
  • This quiz has been taken 13 times
  • The average score is 12 of 19
Answer Stats
Answer % Correct
Gungnir
100%
Spear
100%
Trident
100%
Adamantite Glaive
67%
Chlorophyte Partisan
67%
Cobalt Naginata
67%
Dark Lance
67%
Ghastly Glaive
67%
Mythril Halberd
67%
North Pole
67%
Orichalcum Halberd
67%
Palladium Pike
67%
Titanium Trident
67%
Mushroom Spear
33%
Obsidian Swordfish
33%
Slime Spear
33%
Storm Spear
33%
Swordfish
33%
The Rotted Fork
33%
No matching quizzes found
Score Distribution
Percent of People with Each Score
Percentile by Number Answered
Your Score History
You have not taken this quiz